Página abierta : Revista evangélica de información literaria / David Muniesa, Director (Registro nro. 42998)
[ vista simple ]
| 000 -LÍDER | |
|---|---|
| Campo fijo de descripción fija | 006390000a22001210004500 |
| 001 - NÚMERO DE CONTROL | |
| Campo de control | 14085 |
| 041 0# - CÓDIGO DE IDIOMA | |
| Código de idioma para texto/pista de sonido o título separado | |
| 082 04 - NÚMERO DE CLASIFICACIÓN DECIMAL DEWEY | |
| Número de clasificación | AV 0215 |
| 245 10 - TÍTULO | |
| Título del Material | Página abierta : Revista evangélica de información literaria / David Muniesa, Director |
| 300 ## - DESCRIPCIÓN FÍSICA | |
| Extensión | 29 Pág. |
| 505 00 - NOTA DE CONTENIDO | |
| Nota de contenido con formato preestablecido | - El idioma español cumple mil años. Santamaría, Darío A. - La biblioteca del pastor. Vila, Samuel - El libro y su mundo : Instrumento poderoso del Espíritu Santo. Ecklebarger, David - O la parábola de la vieja encina. Vila, Samuel - La Escritura y su evolución a través de los tiempos. Vila, Eliseo En torno al libro. Santamaría, Darío A. |
| 942 ## - TIPO DE MATERIAL (KOHA) | |
| Tipo de Item KOHA | Libros General |
| Estado de Material | Estado de Perdido | Estado de Dañado | No para Préstamo | Colección | Tomo | Biblioteca de Origen | Biblioteca Permanente | Fecha de Adquisición | Total de Préstamos | Signatura Topográfica | Código de Barras | Última vez visto | Ejemplar/Existencia | Fecha de Remplazo | Tipo de Material |
|---|---|---|---|---|---|---|---|---|---|---|---|---|---|---|---|
| Colección Folletos | Biblioteca FUSBC | Biblioteca FUSBC | 26/10/2006 | AV 0215 | 23312 | 12/12/2019 | 1 | 26/01/2016 | Documentos Archivo Vertical |
